000 nam a22 a 4500
999 _c390536
_d390536
003 BLK
005 20210313130418.0
008 181219b bu ao|||r|||| 00| | bu d
040 _aBLK
041 _aBUL
_cBUL
080 _aВоенно дело. Военни науки. Народна отбрана. Въоръжени сили
_b355/359
_x(497.2)(091)
_z355/359(497.2)(091)
139 _a140 години военни окръжия
_bС 77
245 _a140 години военни окръжия.
257 _aBGR
260 _9391979
_aСофия
_bЦентр. воен. окръжие
_cб.г.
300 _a38 с.
_bс цв. ил., портр., факсимил.
_c23 см
380 _a3
650 0 _9241785
_aБългария - военна история
653 7 _9183565
_aВоенно окръжие
653 7 _9187889
_aистория
852 _bК
_c35/С 77
942 _cKNG
_n0
_s1
944 _aCR
_c2018-12-19
_kТД
_l2020-10-23
999 _d390536
999 _d390536
999 _d390536
999 _d390536
999 _d390536
999 _d328248
999 _d328248
999 _d328248
999 _d328248